000 00982nam a22002057a 4500
001 6750
003 FISKH
005 20250526100538.0
008 250523b cb ||||| |||| 00| 0 eng d
020 _a9782360120475
040 _aFISKH
_bFrench
_cFISKH
_dFISKH
100 _aPinçon-Charlot, Monique
245 _aPourquoi les riches sont-ils de plus en plus riches et les pauvres de plus en plus pauvres ? /
_cby Monique Pinçon-Charlot & Michel Pinçon
260 _aMontreuil :
_bLa Ville brûle ,
_c2014.
300 _a63 pages :
_bcolor illustrations ;
_c21 cm .
520 _aLa pauvreté et les inégalités n'ont rien de naturel. Dans ce livre, nous allons t'expliquer ce qui se cache derrière les rapports entre les riches et les pauvres, pour que tu puisses voir le monde tel qu'il est. Car ce monde injuste, c'est à toi qu'il appartiendra un jour de le changer pour le rendre meilleur.
650 _acapitalism
_vFiction
942 _2ddc
_cBK
_n0
999 _c6750
_d6750